Представление документа в формате RUSMARC

ПолеНазваниеЗначение
  Тип записи i
  Библиографический уровень m
001 Контрольный номер RU/IS/BASE/418406831
005 Дата корректировки 20201206204847.2
010 Индекс ISBN __
d Цена 270-22; 255-60; 283-38
100 Данные общей обработки __
a Данные общей обработки 19170809p20111980||| 0rusy0189 ca
101 Язык документа 1_
a Язык текста rus
c Язык оригинала nnn
102 Страна публикации __
a Страна публикации ru|
105 Кодированные данные (монография) __
a Кодированные данные (монография) nn|||||||f|zy
127 Кодированные данные (звукозаписи-физические характеристики) __
a Продолжительность проигрывания 0400
200 Заглавие и сведения об ответственности 1_
a Заглавие Ресторан У конца Вселенной
e Сведения, относящиеся к заглавию [роман : аудиокнига : 16+]
f Первые сведения об ответственности Дуглас Адамс ; [читает Петр Коршунков ; перевод: В. Генкин, С. Силакова]
b Общее обозначение материала Звукозапись
210 Выходные данные __
a Место издания Москва
c Издательство Аудиокнига
d Дата издания 2011
215 Физическое описание __
a Объем 1 электрон. опт. диск (Audio CD)
c Иллюстрации/тип воспроизводства mp3
d Формат 12х14 см
225 Серия __
a Серия Зарубежная фантастика
230 Специфическая характеристика материала: электронные ресурсы __
a Обозначение и объем ресурса Электронные звуковые данные
300 Общие примечания __
a Общие примечания Заглавие с этикетки диска
323 Примечание о главных создателях, исполнителях, участниках __
a Примечание о главных создателях, исполнителях, участниках Коршунков, П. (читает)
330 Аннотация __
a Аннотация Ресторан "У конца Вселенной" Дуглас Адаме называл своей любимой книгой. Это одно из самых необычных заведений общественного питания, какие только знала история, сюда можно возвращаться снова и снова и наблюдать... за концом Вселенной... потрясает воображение...
333 Примечание о целевом назначении __
a Примечание о целевом назначении 16+. Для детей старше 16 лет
337 Примечание о системных требованиях (электронные ресурсы) __
a Примечание о системных требованиях (электронные ресурсы) Системные требования: CD-плеер с поддержкой MP3 ; Pentium-233 с Windows 9x-XP ; CD-ROM ; звуковая карта
517 Другие варианты заглавия __
a Другие варианты заглавия Ресторан "У конца Вселенной"
606 Тематические рубрики __
a Основная рубрика Художественная литература
606 Тематические рубрики __
a Основная рубрика Литература Европы (произведения)
y Географическая подрубрика Англия
y Географическая подрубрика Великобритания
610 Ключевые слова __
a Ключевые слова английская литература
a Ключевые слова зарубежная литература
a Ключевые слова иностранная литература
a Ключевые слова романы
a Ключевые слова тема космоса
a Ключевые слова тема приключений
a Ключевые слова тема путешествий
a Ключевые слова тема юмора
a Ключевые слова фантастика
a Ключевые слова фантастические романы
686 Индексы других классификаций __
2 Код системы rubbks
a Классификационный индекс 84(4Вел)6-445я04; ст84(4Вел)-4я0
700 Автор _1
a Фамилия Адамс
b Имя Д. Н.
f Даты 1952-2001
g Полное личное имя Дуглас Ноэль
4 Код отношения 070
702 Вторичная интеллектуальная ответственность _1
a Фамилия Силакова
b Имя С.
4 Код отношения Переводчик
4 Код отношения 730
702 Вторичная интеллектуальная ответственность _1
a Фамилия Генкин
b Имя В.
4 Код отношения Переводчик
4 Код отношения 730
801 Источник записи _0
a Страна ru
b Организация Муниципальное бюджетное учреждение культуры "Централизованная библиотечная система" г. Сургут (Центральная городская библиотека им. А. С. Пушкина)
c Дата составления 20170809
g Правила каталогизации rpk
801 Источник записи _1
a Страна ru
b Организация Муниципальное бюджетное учреждение культуры "Централизованная библиотечная система" г. Сургут (Центральная городская библиотека им. А. С. Пушкина)
c Дата составления 20170809
g Правила каталогизации rpk
852 Данные о местонахождении __
j Шифр хранения 84(4Вел)6-445я04
i Авторский знак А 28
901 Тип документа __
t Тип документа 0
a Ответственный КиК/Апакова; КиК/Трушникова
903 Характеристики (МАРС) __
a Дата передачи 20180809; 20170809; 20130404
969 Тип издания __
a Тип издания аудиокнига; издание для слепых
990 Данные о заказе (DOS) __
j Количество экземпляров (DOS) 1; 5; 5
h N записи в КСУ для Б/У (DOS) 201304
t N записи в КСУ для И/У (DOS) 201808; 201708